zpět

Detail výsledku týmu

Bohemia Café, Česká Lípa

Datum a čas kvízu

32 Celkem bodů Celkový počet nahraných bodů na tomto kvízu bez doplňovacích otázek.
3. Pořadí na kvízu Konečné umístění týmu na tomto kvízu.

Zaznamenané odpovědi

# Otázka Odpověď Body Výsledky
1. Ve čtvrtek 16.června na Kontak... D) primátor Liberce Jaroslav Zámečník 0
2. Minulý týden bylo rozhodnuto o... Julian Assange 1
3. Jedna z hlavních postav animov... (Buzz) Rakeťák 0
4. Společnost Apple následovala m... Ulož.to 0
5. Český svaz ledního hokeje má o... Alois Hadamczik 1
6. V následujících pěti otázkách... Vykoupení z věznice Shawshank; Tim Robbins a Morgan Freeman 0.5
7. Francouzská komedie Drž hubu!... Ruby, Quentin 0
8. V roce 2013 byl natočen životo... James Hunt, Niki Lauda 1
9. Herci Zdeněk Svěrák a Daniela... Na samotě u lesa, Akumulátor I, Vratné lahve, Betlémské světlo 0.5
10. Jak se jmenují dva herečtí pře... Jiří Macháček, Marek Taclík 1